000 00428nam a2200181Ia 4500
005 20250423094539.0
008 250422s9999 xx 000 0 und d
020 _a0- 13- 060525- 5
050 _aHG 4026 .B318/
100 _aJ. William Petty
245 0 _aBasic financial management
250 _a2nd
260 _bPrentice- Hall
260 _c1982
300 _a684 p
650 _aCorporations- finance
942 _cBK
999 _c27565
_d27565